000 00300nam a22001337a 4500
008 170316b xxu||||| |||| 00| 0 eng d
020 _a9780683046212
041 _aeng
080 _a616.8
100 _a7
101 _aSHM
245 _aCONCISE TEXT OF NEUROSCIENCE
_cKINGSLEY, R.E
942 _2udc
_cBK
999 _c8016
_d8016